Využívanie potenciálu cestovného ruchu Gemerského regiónu v regionálnom rozvoji
Potenciál cestovného ruchu ako faktor regionálneho rozvoja. Uspokojený dopyt po cestovnom ruchu v Gemerskom regióne. Návštevnosť vybraných jaskýň a múzeí Gemerského regiónu. Štruktúra a kapacita ubytovacích zariadení. Zamestnanosť v cestovnom ruchu v tomto regióne. Vplyv daní organizácií cestovného...
Na minha lista:
| Autor principal: | |
|---|---|
| Outros Autores: | |
| Formato: | Capítulo de Livro |
| Idioma: | eslovaco |
| Assuntos: | |
| Tags: |
Sem tags, seja o primeiro a adicionar uma tag!
|
MARC
| LEADER | 00000naa a2200000 4500 | ||
|---|---|---|---|
| 001 | 0220577 | ||
| 005 | 20231016081151.4 | ||
| 041 | 0 | |a slo | |
| 044 | |a SK | ||
| 245 | 1 | 0 | |a Využívanie potenciálu cestovného ruchu Gemerského regiónu v regionálnom rozvoji |c Marián Gúčik, Matúš Marciš |
| 520 | |a Potenciál cestovného ruchu ako faktor regionálneho rozvoja. Uspokojený dopyt po cestovnom ruchu v Gemerskom regióne. Návštevnosť vybraných jaskýň a múzeí Gemerského regiónu. Štruktúra a kapacita ubytovacích zariadení. Zamestnanosť v cestovnom ruchu v tomto regióne. Vplyv daní organizácií cestovného ruchu na miestne rozpočty a podpora rozvoja cestovného ruchu z verejných zdrojov. | ||
| 610 | 2 | 0 | |a ruch cestovný |
| 610 | 2 | 0 | |a regióny |
| 610 | 2 | 0 | |a rozvoj regionálny |
| 610 | 2 | 0 | |a zamestnanosť |
| 610 | 2 | 0 | |a zariadenia ubytovacie |
| 610 | 2 | 0 | |a múzeá |
| 610 | 2 | 0 | |a dane |
| 610 | 2 | 0 | |a príjmy |
| 610 | 2 | 0 | |a rozpočty verejné |
| 100 | 1 | |a Gúčik, Marián | |
| 700 | 1 | |a Marciš, Matúš | |